00176nam a22000857a 4500082001300000100001100013245004000024260001800064300000800082 a670.3STI aStier  aEncycclopedia of world Archicture  aLondon c1983 a416